<?xml version="1.0" encoding="UTF-8"?>
<record
    xmlns:xsi="http://www.w3.org/2001/XMLSchema-instance"
    xsi:schemaLocation="http://www.loc.gov/MARC21/slim http://www.loc.gov/standards/marcxml/schema/MARC21slim.xsd"
    xmlns="http://www.loc.gov/MARC21/slim">

  <leader>01049aas a2200229   4500</leader>
  <datafield tag="999" ind1=" " ind2=" ">
    <subfield code="c">4579</subfield>
    <subfield code="d">4579</subfield>
  </datafield>
  <controlfield tag="003">BR-BrBNA</controlfield>
  <controlfield tag="005">20230317234231.0</controlfield>
  <controlfield tag="007">ta</controlfield>
  <controlfield tag="008">230119b bl ||||| |||| 00| 0 por d</controlfield>
  <datafield tag="035" ind1=" " ind2=" ">
    <subfield code="a">000485-5</subfield>
  </datafield>
  <datafield tag="040" ind1=" " ind2=" ">
    <subfield code="a">BR-BrBNA</subfield>
    <subfield code="b">EngSpa</subfield>
    <subfield code="c">BR-BrBNA</subfield>
  </datafield>
  <datafield tag="042" ind1=" " ind2=" ">
    <subfield code="a">N</subfield>
  </datafield>
  <datafield tag="044" ind1=" " ind2=" ">
    <subfield code="a">bl</subfield>
  </datafield>
  <datafield tag="245" ind1=" " ind2=" ">
    <subfield code="a">FAO Manual for Animal Health Auxiliary Personnel</subfield>
    <subfield code="c">Food and Agriculture Organization of the United NationsOrganizacion de las Naciones Unidas para la Agricultura y la AlimentacionOrganization des Nations Unies pour l'Alimentation et l'Agriculture</subfield>
  </datafield>
  <datafield tag="260" ind1=" " ind2=" ">
    <subfield code="a">Rome, Italy, IT</subfield>
    <subfield code="b">Food and Agriculture Organization Of The United Nations</subfield>
    <subfield code="c">1983. Data final de publica&#xE7;&#xE3;o em 1983</subfield>
    <subfield code="e">IT</subfield>
  </datafield>
  <datafield tag="270" ind1=" " ind2=" ">
    <subfield code="a">Via delle Terme di Caracalla; 00100 Roma, Italia; Tel&#xE9;fono: +39 06 57051; Fax: +39 06 5705 3152; T&#xE9;lex: 625852/610181 FAO I / Tel&#xE9;grafo: FOODAGRI ROME; Correo electr&#xF3;nico: FAO-HQ@fao.org</subfield>
  </datafield>
  <datafield tag="310" ind1=" " ind2=" ">
    <subfield code="a">periodicidade desconchecida</subfield>
  </datafield>
  <datafield tag="505" ind1=" " ind2=" ">
    <subfield code="a">1983; </subfield>
  </datafield>
  <datafield tag="650" ind1="1" ind2="2">
    <subfield code="g">AGRICULTURA; VETERINARIA; SAUDE ANIMAL</subfield>
  </datafield>
  <datafield tag="909" ind1=" " ind2=" ">
    <subfield code="a">56</subfield>
    <subfield code="b">Sergio Santos</subfield>
    <subfield code="c">56</subfield>
    <subfield code="d">Sergio Santos</subfield>
  </datafield>
  <datafield tag="942" ind1=" " ind2=" ">
    <subfield code="c">CR</subfield>
    <subfield code="2">AGRIS</subfield>
  </datafield>
  <datafield tag="952" ind1=" " ind2=" ">
    <subfield code="0">0</subfield>
    <subfield code="2">AGRIS</subfield>
    <subfield code="4">0</subfield>
    <subfield code="7">1</subfield>
    <subfield code="8">PERI&#xD3;DICOS</subfield>
    <subfield code="a">41918</subfield>
    <subfield code="b">41918</subfield>
    <subfield code="h">1983</subfield>
    <subfield code="l">0</subfield>
    <subfield code="p">2023-40051</subfield>
    <subfield code="r">2023-03-01</subfield>
    <subfield code="y">CR</subfield>
    <subfield code="1">0</subfield>
  </datafield>
</record>
